000 01694cam a2200457 4500
003 PE-LiUPU
005 20250731173428.0
020 _a8588611015
035 _a(Sirsi) i9788588611016
035 _a(Sirsi) 50106
035 _a(Sirsi) 50106
041 _apr
044 _abr
082 0 4 _a231.7652
_bP26
100 1 _aParks, Bill
245 _aComo ensinar a seus filhos a harmonia entre o criacionismo e a ciência /
_cBill Parks.
264 1 _aBrasília :
_bSociedade Criacionista Brasileira,
_c2001
300 _a122 páginas :
_bilustraciones ;
_c21 cm.
505 0 _aPor que é táo vitalmente importante ensinar o criacionismo bíblico -- O que é ciencia -- Definicoes básicas dos termos chaves -- Que sao aspectos da ciencia envolvidos no criacionismo -- Entao, como iniciar o ensino cos aspectos da ciencia
526 _aSEG42
526 _aSEG41
526 _aSEG40
526 _aSEG39
526 _aP94
526 _aP87
526 _aP86
526 _aP85
526 _aP77
526 _aP76
526 _aP35
650 1 4 _aCreacionismo
_xEducación niños
650 1 4 _aReligión y Ciencia
700 1 _aTetzke. Ieda C.
_etr.
859 _q67025
_h231.7652
_iP26
910 _agl
_b
_ng
_d20130424
942 _2ddc
_cBOOK
949 _a231.7652 P26
_i67025
_lCCODEBUL1
_mBUL
_tLIBRO
_o.STAFF. Colección General
596 _a1
999 _a231.7652 P26
_wDEWEY
_c54731
_i67025
_d54731
_f2021-11-9
_g5
_lCCODEBUL1
_mBUL
_p12.00
_q1
_r0
_sY
_tBOOK
_u2015-7-6
_xTEOLOGIA
_zUNKNOWN
_0COMPRA
_o.STAFF. Colección General
980 _81
_gALBERTO SANCHEZ Responsable de Automatización